Přechod k multipolárnímu měnovému uspořádání? Trendy v měnové koncentraci a internacionalizaci dolaru, eura a renminbi

Analýza v oblasti medzinárodnej politickej ekonómie s cieľom zistiť súčasný stav trendu smerujúceho k multipolárnemu menovému systému pomocou menovej koncentrácie a menovej internacionalizácie, s aplikovaním na tri kľúčové meny – americký dolár, euro a čínske renminbi (čínsky jüan), ktoré môžu tvori...

Full description

Saved in:
Bibliographic Details
Main Author: Sadil, Vojtěch
Other Authors: Sipko, Juraj
Format: Book Chapter
Language:Czech
Subjects:
Tags: Add Tag
No Tags, Be the first to tag this record!

MARC

LEADER 00000naa a2200000 4500
001 0283731
005 20220513103843.8
041 0 |a cze 
044 |a CZ 
245 1 0 |a Přechod k multipolárnímu měnovému uspořádání? Trendy v měnové koncentraci a internacionalizaci dolaru, eura a renminbi  |c Vojtěch Sadil, Juraj Sipko 
520 |a Analýza v oblasti medzinárodnej politickej ekonómie s cieľom zistiť súčasný stav trendu smerujúceho k multipolárnemu menovému systému pomocou menovej koncentrácie a menovej internacionalizácie, s aplikovaním na tri kľúčové meny – americký dolár, euro a čínske renminbi (čínsky jüan), ktoré môžu tvoriť základ budúceho medzinárodného menového systému. Analýza koncentrácie uvedených mien s cieľom zistiť, ako v súčasnosti plnia funkcie svetových mien, s použitím fuzzy-logického prístupu ako alternatívy ku konvenčným ekonometrickým modelom používanými v tejto výskumnej oblasti. 
610 2 0 |a systém menový medzinárodný 
610 2 0 |a sústava menová 
610 2 0 |a internacionalizácia ekonomiky 
610 2 0 |a koncentrácia 
610 2 0 |a dolár 
610 2 0 |a euro 
610 2 0 |a juan 
610 2 0 |a politika menová 
610 2 0 |a modely matematicko-logické 
100 1 |a Sadil, Vojtěch 
700 1 |a Sipko, Juraj